Сборник задач по математике для втузов : (Запись № 30525)
[ простой вид ]
| 000 -МАРКЕР | |
|---|---|
| контрольное поле | 00699nam a2200217 ca4500 |
| 001 - КОНТРОЛЬНЫЙ НОМЕР ЗАПИСИ | |
| контрольное поле | 000030525 |
| 003 - ПРИНАДЛЕЖНОСТЬ КОНТРОЛЬНОГО НОМЕРА | |
| контрольное поле | RuMoIPM |
| 005 - ДАТА И ВРЕМЯ ПОСЛЕДНЕЙ ТРАНЗАКЦИИ | |
| контрольное поле | 20260507131244.0 |
| 008 - ЭЛЕМЕНТЫ ДАННЫХ ФИКСИРОВАННОЙ ДЛИНЫ | |
| контрольное поле | 220907s1986 ru ||||| |||| 00| 0 rus d |
| 020 ## - МЕЖДУНАРОДНЫЙ СТАНДАРТНЫЙ НОМЕР КНИГИ (ISBN) | |
| международный стандартный номер книги | 5-02-014338-3 |
| 035 ## - КОНТРОЛЬНЫЙ НОМЕР СИСТЕМЫ | |
| контрольный номер системы | (RuMoBEN) 001735335 |
| 040 ## - ОРГАНИЗАЦИЯ-СОЗДАТЕЛЬ ЗАПИСИ | |
| организация-создатель исходной библиографической записи | RuMoBEN |
| язык каталогизации | rus |
| правила каталогизации | rcr |
| 041 ## - КОД ЯЗЫКА | |
| код языка текста | Русский |
| 044 ## - КОД СТРАНЫ ПУБЛИКАЦИИ/ИЗГОТОВЛЕНИЯ | |
| MARC код страны публикации/изготовления | Российская Федерация |
| 080 ## - ИНДЕКС УНИВЕРСАЛЬНОЙ ДЕСЯТИЧНОЙ КЛАССИФИКАЦИИ | |
| индекс Универсальной десятичной классификации | 51(075.8) |
| 245 10 - ОБЛАСТЬ ЗАГЛАВИЯ И СВЕДЕНИЙ ОБ ОТВЕТСТВЕННОСТИ | |
| заглавие | Сборник задач по математике для втузов : |
| сведения, относящиеся к заглавию, и т. д | [учебное пособие] : |
| сведения об ответственности и т. д | под ред. А. В. Ефимова |
| 250 ## - ОБЛАСТЬ ИЗДАНИЯ | |
| сведения об издании | 2-е изд., перераб. |
| 260 ## - ОБЛАСТЬ ВЫХОДНЫХ ДАННЫХ | |
| место публикации, распространения, изготовления и т. д | Москва |
| издательство, издатель, распространитель и т. д | Наука |
| дата издания, распространения и т. д | 1986- |
| 700 1# - ИМЯ ЛИЦА КАК ДОБАВОЧНЫЙ ПОИСКОВЫЙ ПРИЗНАК | |
| имя лица | Ефимов Александр Васильевич |
| роль лица относительно произведения | ред. |
| 942 ## - ДАННЫЕ О ЗАПИСИ (KOHA) | |
| Тип экземпляра (KOHA) | Книга |
Нет доступных экземпляров.